Statistics for Pokémon by Japanese Names

Click here to take the quiz!

General Stats

  • This quiz has been taken 34 times
  • The average score is 11 of 30

Answer Stats

GenJapaneseEnglish% Correct
1FushigidaneBulbasaur
86%
1MetamonDitto
72%
3LovecusLuvdisc
69%
1BarrierdMr. Mime
62%
6GekkougaGreninja
62%
1KamexBlastoise
59%
2ForetosForretress
55%
7NyabbyLitten
55%
1KairyuDragonite
55%
2HellgarHoundoom
41%
7KiterugumaBewear
41%
2BullSnubbull
41%
3EnekoSkitty
34%
6MaaiikaInkay
34%
1YungererKadabra
31%
2NyorotonoPolitoed
31%
2NyulaSneasel
28%
7TekkaguyaCelesteela
24%
4NaetoruTurtwig
24%
1MonjaraTangela
24%
3BossgodoraAggron
21%
5KojofuMienfoo
21%
3TyltalisAltaria
21%
5MaggyoStunfisk
14%
6CrebaseAvalugg
14%
4FuwarideDrifblim
14%
5TamagetakeFoongus
14%
3NamazunWhiscash
10%
4MinomutchiBurmy
10%
3BakuudaCamerupt
7%

Score Distribution

Percentile by Number Answered

Percent of People with Each Score

Your Score History

You have not taken this quiz